V Jornadas de Teatro Clásico Español : (Record no. 9700)
[ view plain ]
| 000 -LEADER | |
|---|---|
| fixed length control field | 01444cam a2200349 a 4500 |
| 001 - CONTROL NUMBER | |
| control field | 4270196 |
| 005 - DATE AND TIME OF LATEST TRANSACTION | |
| control field | 20170822175115.0 |
| 008 - FIXED-LENGTH DATA ELEMENTS--GENERAL INFORMATION | |
| fixed length control field | 840814m19821983sp a b f100 0 spa |
| 010 ## - LIBRARY OF CONGRESS CONTROL NUMBER | |
| LC control number | 84199663 |
| 020 ## - INTERNATIONAL STANDARD BOOK NUMBER | |
| International Standard Book Number | 8474833116 (set) |
| 020 ## - INTERNATIONAL STANDARD BOOK NUMBER | |
| International Standard Book Number | 8474833124 (t. 1) |
| 020 ## - INTERNATIONAL STANDARD BOOK NUMBER | |
| International Standard Book Number | 8474833132 (t. 2) |
| 040 ## - CATALOGING SOURCE | |
| Original cataloging agency | BSU |
| Transcribing agency | BSU |
| Modifying agency | BSU |
| 043 ## - GEOGRAPHIC AREA CODE | |
| Geographic area code | e-sp--- |
| 050 00 - LIBRARY OF CONGRESS CALL NUMBER | |
| Classification number | PQ6106 |
| Item number | .J67 1982 |
| 082 00 - DEWEY DECIMAL CLASSIFICATION NUMBER | |
| Classification number | 862.3 ESP |
| Edition number | 19 |
| 111 2# - MAIN ENTRY--MEETING NAME | |
| Meeting name or jurisdiction name as entry element | Jornadas de Teatro Clásico Español |
| Number of part/section/meeting | (5th : |
| Date of meeting | 1982 : |
| Location of meeting | Almagro, Spain) |
| 9 (RLIN) | 19584 |
| 245 10 - TITLE STATEMENT | |
| Title | V Jornadas de Teatro Clásico Español : |
| Remainder of title | el trabajo con los clásicos en el teatro contemporáneo : Almagro, 1982 / |
| Statement of responsibility, etc | dirección y revisión de materiales, Juan Antonio Hormigón. |
| 260 ## - PUBLICATION, DISTRIBUTION, ETC. (IMPRINT) | |
| Place of publication, distribution, etc | [Madrid] : |
| Name of publisher, distributor, etc | Dirección General de Música y Teatro, Ministerio de Cultura, |
| Date of publication, distribution, etc | 1982-[1983?] |
| 300 ## - PHYSICAL DESCRIPTION | |
| Extent | 2 v. : |
| Other physical details | ill. ; |
| Dimensions | 17 cm. |
| 500 ## - GENERAL NOTE | |
| General note | Cover title v. 1: 5o Festival de Teatro Clásico Español. |
| 500 ## - GENERAL NOTE | |
| General note | Vol. 2 lacks other title information. |
| 504 ## - BIBLIOGRAPHY, ETC. NOTE | |
| Bibliography, etc | Includes bibliographical references. |
| 650 #0 - SUBJECT ADDED ENTRY--TOPICAL TERM | |
| Topical term or geographic name as entry element | Spanish drama |
| Chronological subdivision | Classical period, 1500-1700 |
| General subdivision | History and criticism |
| -- | Congresses. |
| 9 (RLIN) | 19585 |
| 650 #0 - SUBJECT ADDED ENTRY--TOPICAL TERM | |
| Topical term or geographic name as entry element | Drama |
| General subdivision | Technique |
| -- | Congresses. |
| 9 (RLIN) | 19586 |
| 658 ## - INDEX TERM--CURRICULUM OBJECTIVE | |
| Main curriculum objective | Literature |
| 700 1# - ADDED ENTRY--PERSONAL NAME | |
| Personal name | Hormigón, Juan Antonio. |
| 9 (RLIN) | 19587 |
| 740 0# - ADDED ENTRY--UNCONTROLLED RELATED/ANALYTICAL TITLE | |
| Uncontrolled related/analytical title | 5as Jornadas de Teatro Clásico Español. |
| 740 0# - ADDED ENTRY--UNCONTROLLED RELATED/ANALYTICAL TITLE | |
| Uncontrolled related/analytical title | 5o Festival de Teatro Clásico Español. |
| 906 ## - LOCAL DATA ELEMENT F, LDF (RLIN) | |
| a | 7 |
| b | cbc |
| c | orignew |
| d | 2 |
| e | ncip |
| f | 19 |
| g | y-gencatlg |
| 942 ## - ADDED ENTRY ELEMENTS (KOHA) | |
| Source of classification or shelving scheme | Dewey Decimal Classification |
| Item type | Books |
| Withdrawn status | Lost status | Source of classification or shelving scheme | Damaged status | Not for loan | Collection code | Home library | Current library | Shelving location | Date acquired | Total Checkouts | Full call number | Date last seen | Price effective from | Koha item type |
|---|---|---|---|---|---|---|---|---|---|---|---|---|---|---|
| Dewey Decimal Classification | Main Library | Main Library | 22/07/2014 | 862.3 ESP | 22/07/2014 | 22/07/2014 | Books |